00948nam a2200277 a 4500999001500000001000400015003000900019005001700028008004100045020001500086040003400101082001600135100002400151245013600175260006700311300003900378500002000417505001100437650002200448650001200470650001300482700002400495700002100519942001200540952011800552 c4370d4370530BD-DhUAP20201109101125.0201109r19891964ii a 001 0 eng d a818501583X aDLCcCarPdDLCdBD-DhUAPbEng04a537 FEY223 aFeynman, Richard P.10aThe Feynman lectures on physics : bmainly electromagnetism and matter /cRichard P. Feynman, Robert B. Leighton and Matthew Sands. aNew Delhi :bNarosa publishing house,cc1964 [Reprinted 1989]. avolumes :billustrations ;c28 cm. aIncludes index. aV. 2-- aElectromagnetism. aMatter. aPhysics. aLeighton, Robert B. aSands, Matthew . 2ddccBK 00102ddc4070aUAPCLbUAPCLcGeneral Stacksd2020-11-09o537 FEY V-2p3010000530r2020-11-09t1w2020-11-09yBK